000 00467nam a22001697a 4500
003 OSt
005 20260302075008.0
008 260210b |||||||| |||| 00| 0 eng d
020 _a9780061154287
040 _aDWCL-Main Lib
_cOC
082 _aFic. C672 2000
100 _aCoelho, Paulo
245 _aThe Devil and Miss Prym : a novel of temptation
260 _aNew York :
_bHarper Collins,
_cc2000.
300 _a201 pages. ;
_c17 cm.
942 _2ddc
_cFIC.
_mFic.
_n0
999 _c8333
_d8333